Equipes NBA - Statistiques

Statistiques générales
  • Ce quiz a été pris 25 417 fois
  • Le résultat moyen est 22 sur 30
Statistiques - réponses
Nom % Correct
Lakers
97%
Celtics
90%
Warriors
88%
Bulls
86%
Heat
85%
Spurs
84%
Clippers
83%
Bucks
80%
Knicks
80%
Nets
80%
Nuggets
75%
Rockets
74%
Mavericks
73%
Raptors
73%
Suns
73%
Hornets
69%
Kings
69%
Pistons
69%
Cavaliers
68%
Hawks
68%
Jazz
68%
Magic
68%
Thunder
68%
Pacers
65%
Timberwolves
65%
Wizards
65%
76ers
64%
Grizzlies
62%
Pelicans
62%
Trail Blazers
53%
Aucun quiz correspondant
Distribution des résultats
% des personnes avec chaque résultat
Percentile par nombre de réponses
Votre historique - résultats
Vous n’avez pas pris ce quiz